[Event "10. Open Club Ajedrez Villaverde"]
[Site "Madrid ESP"]
[Date "2009.03.26"]
[Round "4.6"]
[White "Alvarez Gonzalez, Eduardo"]
[Black "Alonso Aranzabal, Iñigo"]
[Result "1-0"]
[WhiteElo "1839"]
[BlackElo "2082"]
[PlyCount "113"]
[EventDate "2009.03.23"]
[EventType "swiss"]
[EventRounds "8"]
[EventCountry "ESP"]
[Source "lmi"]
[SourceDate "2009.03.23"]

1. d4 Nf6 2. Nf3 g6 3. c4 Bg7 4. Nc3 O-O 5. e4 d6 6. Be2 e5 7. O-O Nc6 8. d5
Ne7 9. b4 Nh5 10. Re1 f5 11. Nd2 Nf6 12. f3 f4 13. c5 g5 14. a4 Kh8 15. Ba3 Rg8
16. Nc4 Ng6 17. cxd6 cxd6 18. b5 Bf8 19. Rc1 Nh4 20. h3 h5 21. Kf2 Rg6 22. Rh1
Kg8 23. Qd3 Nh7 24. Rcg1 Bd7 25. Bd1 Rc8 26. Bb3 Qf6 27. Bb4 Be7 28. Na5 g4 29.
hxg4 hxg4 30. Nxb7 Kf7 31. Ne2 Rh8 32. Bxd6 Bxd6 33. Nxd6+ Qxd6 34. Rxh4 Qc5+
35. Kf1 g3 36. Ke1 Kg7 37. Kd2 Rc8 38. Qc3 Qe7 39. Rxh7+ Kxh7 40. Rh1+ Rh6 41.
Rxh6+ Kxh6 42. Bc4 Kg6 43. Nc1 Qc5 44. Nd3 Qe3+ 45. Kc2 Qe2+ 46. Kb3 Kh7 47.
Nxe5 Qxg2 48. Nxd7 Qf2 49. Nf6+ Kg6 50. Ng4 Qc5 51. Qf6+ Kh7 52. Qh6+ Kg8 53.
Ne5 Qe3+ 54. Nd3 Qd4 55. Qe6+ Kh7 56. Qxc8 g2 57. Qh3+ 1-0

[Event "10. Open Club Ajedrez Villaverde"]
[Site "Madrid ESP"]
[Date "2009.03.26"]
[Round "4.7"]
[White "Vazquez Gonzalez, Jesus"]
[Black "Adeyemi, Adedeji"]
[Result "1-0"]
[WhiteElo "2044"]
[BlackElo "1909"]
[PlyCount "55"]
[EventDate "2009.03.23"]
[EventType "swiss"]
[EventRounds "8"]
[EventCountry "ESP"]
[Source "lmi"]
[SourceDate "2009.03.23"]

1. e4 Nf6 2. Nc3 e5 3. Nf3 Nc6 4. Nxe5 Nxe5 5. d4 Ng6 6. e5 Ng8 7. Bc4 Bb4 8.
Qf3 Qe7 9. O-O Bxc3 10. bxc3 Nh6 11. Bxh6 gxh6 12. Qe3 Qg5 13. f4 Qh4 14. f5
Ne7 15. e6 d5 16. exf7+ Kxf7 17. f6 Nf5 18. Rxf5 Bxf5 19. Qe7+ Kg6 20. Qg7+ Kh5
21. Be2+ Bg4 22. Qf7+ Kg5 23. g3 Qh5 24. h4+ Qxh4 25. gxh4+ Kxh4 26. Bxg4 Kxg4
27. Qe6+ Kg3 28. Qe5+ 1-0

[Event "10. Open Club Ajedrez Villaverde"]
[Site "Madrid ESP"]
[Date "2009.03.26"]
[Round "4.10"]
[White "Gutierrez Garcia, Alberto"]
[Black "Hernandez Del Can, Jose"]
[Result "1/2-1/2"]
[WhiteElo "1738"]
[BlackElo "1848"]
[PlyCount "71"]
[EventDate "2009.03.23"]
[EventType "swiss"]
[EventRounds "8"]
[EventCountry "ESP"]
[Source "lmi"]
[SourceDate "2009.03.23"]

1. e4 c5 2. Nf3 d6 3. Bc4 e6 4. Nc3 Nc6 5. O-O a6 6. d4 cxd4 7. Nxd4 Nxd4 8.
Qxd4 Ne7 9. f4 Nc6 10. Qf2 Be7 11. Be3 b5 12. Bd3 O-O 13. Rad1 Bb7 14. Rd2 Nb4
15. Be2 Qc7 16. Rfd1 Rac8 17. Bb6 Qb8 18. a3 Nc6 19. f5 Ne5 20. Bd4 Bf6 21. Ba7
Qa8 22. Rxd6 Nc4 23. Bxc4 Rxc4 24. Bd4 Bxd4 25. R6xd4 Rxd4 26. Qxd4 exf5 27.
exf5 f6 28. Nd5 Qd8 29. Nf4 Qc8 30. Qd3 Qc6 31. Nd5 Qc5+ 32. Kh1 Kh8 33. Nf4
Qf2 34. Rf1 Qb6 35. Ne6 Qc6 36. Qg3 1/2-1/2

[Event "10. Open Club Ajedrez Villaverde"]
[Site "Madrid ESP"]
[Date "2009.03.26"]
[Round "4.15"]
[White "Sierra Bermejo, Gregorio"]
[Black "Zuazua Conde, Ivan Javier"]
[Result "1-0"]
[WhiteElo "1775"]
[BlackElo "1421"]
[PlyCount "97"]
[EventDate "2009.03.23"]
[EventType "swiss"]
[EventRounds "8"]
[EventCountry "ESP"]
[Source "lmi"]
[SourceDate "2009.03.23"]

1. c4 e5 2. Nc3 Nf6 3. Nf3 d6 4. g3 g6 5. Bg2 Bg7 6. O-O O-O 7. d3 c6 8. Rb1 a5
9. Be3 Re8 10. Qd2 Ng4 11. Bg5 f6 12. Be3 Nxe3 13. Qxe3 d5 14. cxd5 cxd5 15.
Qc5 Na6 16. Qxd5+ Qxd5 17. Nxd5 Be6 18. Nd2 Red8 19. Nc3 Rab8 20. a3 b6 21.
Rfd1 Bh6 22. Nc4 Bf8 23. Ne4 Kg7 24. h4 Nc5 25. Ned2 Rd4 26. Rdc1 Kg8 27. b4
axb4 28. axb4 Na6 29. b5 Nc5 30. Kh2 Bg4 31. f3 Be6 32. Bh3 Bxh3 33. Kxh3 Kg7
34. Ra1 Rdd8 35. Ra7+ Kg8 36. Rca1 Re8 37. Rc7 Re7 38. Rc6 Re6 39. Ra7 Rxc6 40.
bxc6 Ne6 41. Rb7 Rc8 42. Rxb6 Nd4 43. Na5 Nxe2 44. Ne4 f5 45. Nf6+ Kg7 46. Nd5
Bd6 47. Rb7+ Kh6 48. Rd7 Bb8 49. Nf6 1-0

[Event "10. Open Club Ajedrez Villaverde"]
[Site "Madrid ESP"]
[Date "2009.03.26"]
[Round "4.18"]
[White "Ananian, Arman"]
[Black "Chincoa Morilla, Pedro"]
[Result "1-0"]
[WhiteElo "1702"]
[BlackElo "1724"]
[PlyCount "42"]
[EventDate "2009.03.23"]
[EventType "swiss"]
[EventRounds "8"]
[EventCountry "ESP"]
[Source "lmi"]
[SourceDate "2009.03.23"]

1. e4 d5 2. exd5 Qxd5 3. Nc3 Qd6 4. d4 Nf6 5. Nf3 a6 6. g3 b5 7. Bf4 Qb6 8. a3
Bb7 9. Bg2 e6 10. Qd2 Bd6 11. Be3 Nd5 12. O-O Nxe3 13. fxe3 O-O 14. Qd3 Rd8 15.
Qe2 Nd7 16. a4 Bc6 17. a5 Qa7 18. Na2 b4 19. c3 bxc3 20. Nxc3 Rab8 21. Rfd1 Qb7
1-0

[Event "10. Open Club Ajedrez Villaverde"]
[Site "Madrid ESP"]
[Date "2009.03.30"]
[Round "5.1"]
[White "Camarero Izquierdo, Juan Carlos"]
[Black "Castano Vanegas, Henry Augusto"]
[Result "0-1"]
[WhiteElo "1906"]
[BlackElo "1974"]
[PlyCount "90"]
[EventDate "2009.03.23"]
[EventType "swiss"]
[EventRounds "8"]
[EventCountry "ESP"]
[Source "lmi"]
[SourceDate "2009.03.23"]

1. e4 e5 2. Nf3 Nc6 3. Bb5 a6 4. Ba4 Nf6 5. d3 b5 6. Bb3 Be7 7. Bd5 Nxd5 8.
exd5 Nb4 9. Nxe5 O-O 10. c4 d6 11. Nc6 Nxc6 12. dxc6 Qe8 13. Qf3 Bf6+ 14. Kf1
bxc4 15. dxc4 Rb8 16. Nc3 Be6 17. Nd5 Bxd5 18. cxd5 Qe5 19. g3 Rb5 20. Kg2 Qxd5
21. Qxd5 Rxd5 22. Be3 Rb8 23. Rhe1 Kf8 24. Re2 Ra5 25. Rae1 Rxb2 26. Rxb2 Bxb2
27. Rb1 Be5 28. f4 Rxa2+ 29. Kf3 Bc3 30. Bb6 Rb2 31. Rxb2 Bxb2 32. Bxc7 d5 33.
Ke3 Ke7 34. Kd3 h5 35. h3 f5 36. Kc2 Bd4 37. Kb3 Bc5 38. Kc3 g6 39. Kd3 Bd6 40.
Ba5 h4 41. gxh4 Bxf4 42. Bb4+ Ke6 43. Kd4 Bc7 44. Bc5 Bg3 45. Bb6 Bf2+ 0-1

[Event "10. Open Club Ajedrez Villaverde"]
[Site "Madrid ESP"]
[Date "2009.03.30"]
[Round "5.2"]
[White "Hinojar Diez, David"]
[Black "Suarez Triguero, Jose Alfonso"]
[Result "1-0"]
[WhiteElo "2119"]
[BlackElo "2115"]
[PlyCount "87"]
[EventDate "2009.03.23"]
[EventType "swiss"]
[EventRounds "8"]
[EventCountry "ESP"]
[Source "lmi"]
[SourceDate "2009.03.23"]

1. e4 e6 2. d4 d5 3. Nc3 dxe4 4. Nxe4 Nd7 5. Nf3 Ngf6 6. Nxf6+ Nxf6 7. Bd3 b6
8. Ne5 Bb7 9. Bb5+ c6 10. Qf3 Qd5 11. Qxd5 exd5 12. Bxc6+ Bxc6 13. Nxc6 Rc8 14.
Nxa7 Rxc2 15. O-O Kd7 16. Bf4 Ne4 17. Rac1 Rxc1 18. Rxc1 Bd6 19. Bxd6 Nxd6 20.
Nc6 Ra8 21. Nb4 Nb5 22. a3 Nc7 23. f3 Re8 24. Kf2 Re6 25. Rc3 Nb5 26. Rc2 Nc7
27. Re2 Rd6 28. Ke3 Ne6 29. f4 Nc7 30. Kd3 Ne6 31. g3 g6 32. Rc2 Nc7 33. Re2
Rf6 34. Rc2 Rd6 35. Re2 Rf6 36. Re5 Rd6 37. a4 f6 38. Re1 h5 39. h3 b5 40. a5
Na6 41. Kc3 Nb8 42. Nd3 Nc6 43. Nc5+ Kc7 44. b4 1-0

[Event "10. Open Club Ajedrez Villaverde"]
[Site "Madrid ESP"]
[Date "2009.03.30"]
[Round "5.3"]
[White "Vukotic Jovsic, Dragan"]
[Black "Vazquez Gonzalez, Jesus"]
[Result "0-1"]
[WhiteElo "1995"]
[BlackElo "2044"]
[PlyCount "142"]
[EventDate "2009.03.23"]
[EventType "swiss"]
[EventRounds "8"]
[EventCountry "ESP"]
[Source "lmi"]
[SourceDate "2009.03.23"]

1. e4 c5 2. Nf3 g6 3. d4 Bg7 4. c3 cxd4 5. cxd4 d5 6. exd5 Nf6 7. Nc3 O-O 8.
Bc4 Nbd7 9. d6 exd6 10. O-O Nb6 11. Be2 h6 12. a4 Be6 13. a5 Nbd5 14. a6 b6 15.
Nb5 Qd7 16. Re1 Rac8 17. Bf1 Bf5 18. Qa4 Rfe8 19. Qa3 Bf8 20. Rxe8 Rxe8 21. Nc3
Nxc3 22. bxc3 Bg4 23. Bd2 Ne4 24. Be3 Bxf3 25. gxf3 Ng5 26. Bxg5 hxg5 27. Qa4
Qe6 28. Qb5 Rc8 29. Rc1 g4 30. Qe2 Qxe2 31. Bxe2 gxf3 32. Bxf3 Bg7 33. Bb7 Rc7
34. Rb1 Rxc3 35. Rxb6 axb6 36. a7 Ra3 37. a8=Q+ Rxa8 38. Bxa8 Bxd4 39. Bd5 Kg7
40. Kg2 f5 41. Bc4 g5 42. f3 Kf6 43. Kg3 Be5+ 44. Kg2 Bf4 45. h3 Ke5 46. Kf2 d5
47. Bb5 Bc1 48. Ke2 Kd4 49. Kd1 Ba3 50. Ke2 Kc5 51. Bd7 f4 52. Kd3 b5 53. Kc3
Bb4+ 54. Kd3 Ba5 55. Be8 Kb4 56. Bc6 d4 57. Kc2 Kc4 58. Be4 Bc7 59. Bd3+ Kb4
60. Kb2 Ba5 61. Kc2 Ka4 62. Kb2 Bc3+ 63. Ka2 b4 64. Be4 b3+ 65. Kb1 Kb4 66. Bd3
Ba1 67. Kxa1 Kc3 68. Bb5 Kc2 69. Ba4 d3 70. Bxb3+ Kxb3 71. Kb1 d2 0-1

[Event "10. Open Club Ajedrez Villaverde"]
[Site "Madrid ESP"]
[Date "2009.03.30"]
[Round "5.4"]
[White "Abul, Qasem"]
[Black "Alvarez Gonzalez, Eduardo"]
[Result "1-0"]
[WhiteElo "2026"]
[BlackElo "1839"]
[PlyCount "81"]
[EventDate "2009.03.23"]
[EventType "swiss"]
[EventRounds "8"]
[EventCountry "ESP"]
[Source "lmi"]
[SourceDate "2009.03.23"]

1. e4 c6 2. d4 d5 3. e5 Bf5 4. Be3 e6 5. Nd2 Nd7 6. g4 Bg6 7. c3 a6 8. Nh3 c5
9. Nf4 cxd4 10. cxd4 Be7 11. Nf3 Bb4+ 12. Ke2 Be4 13. Nh5 g6 14. Ng3 Bxf3+ 15.
Kxf3 f6 16. exf6 Qxf6+ 17. Kg2 Bd6 18. Qd2 h6 19. Bd3 g5 20. h4 gxh4 21. Nh5
Qf7 22. Rxh4 Ngf6 23. Rah1 O-O-O 24. Nf4 Ne4 25. Bxe4 dxe4 26. Qc2+ Kb8 27.
Qxe4 Rdf8 28. Ng6 Nf6 29. Nxh8 Rxh8 30. Qf3 Rf8 31. Rxh6 Qg7 32. R6h4 Nd5 33.
Bh6 Rxf3 34. Bxg7 Rd3 35. g5 Rd2 36. Kf3 Rxb2 37. Re1 Nf4 38. Rxf4 Bxf4 39. g6
Bg5 40. Be5+ Ka7 41. g7 1-0

[Event "10. Open Club Ajedrez Villaverde"]
[Site "Madrid ESP"]
[Date "2009.03.30"]
[Round "5.5"]
[White "Garcia-Ruiz Fuentes, Marcos"]
[Black "Vega Gomez, Francisco Borja"]
[Result "0-1"]
[WhiteElo "1738"]
[BlackElo "2231"]
[PlyCount "24"]
[EventDate "2009.03.23"]
[EventType "swiss"]
[EventRounds "8"]
[EventCountry "ESP"]
[Source "lmi"]
[SourceDate "2009.03.23"]

1. b3 Nf6 2. Bb2 d5 3. e3 Bg4 4. Ne2 e6 5. d3 Bd6 6. Nd2 c5 7. c4 Nc6 8. d4 Nb4
9. Qb1 Bf5 10. e4 Nxe4 11. Nc3 Nxc3 12. Qc1 Nc2+ 0-1

[Event "10. Open Club Ajedrez Villaverde"]
[Site "Madrid ESP"]
[Date "2009.03.30"]
[Round "5.6"]
[White "Adedeji, Adekola"]
[Black "Martin Rodriguez, Emilio"]
[Result "1-0"]
[WhiteElo "2001"]
[BlackElo "2133"]
[PlyCount "61"]
[EventDate "2009.03.23"]
[EventType "swiss"]
[EventRounds "8"]
[EventCountry "ESP"]
[Source "lmi"]
[SourceDate "2009.03.23"]

1. e4 c6 2. d4 d5 3. Nd2 g6 4. Ngf3 Bg7 5. c3 Nf6 6. Bd3 dxe4 7. Nxe4 Nxe4 8.
Bxe4 Nd7 9. O-O Nf6 10. Bc2 O-O 11. Re1 Bg4 12. h3 Bxf3 13. Qxf3 Re8 14. Bg5
Qb6 15. Bb3 a5 16. Rab1 a4 17. Bc4 Qa5 18. Re5 Qd8 19. a3 h6 20. Bh4 Ra5 21.
Rbe1 g5 22. Bg3 e6 23. h4 Nd7 24. Rxa5 Qxa5 25. hxg5 Qxg5 26. Bf4 Qf6 27. Qg4
h5 28. Qg3 Qf5 29. Bd3 Qg4 30. Qh2 Nf6 31. f3 1-0

[Event "10. Open Club Ajedrez Villaverde"]
[Site "Madrid ESP"]
[Date "2009.03.30"]
[Round "5.7"]
[White "Fuentes Arjona, Antonio"]
[Black "Martin-Consuegra Barrilero, Francisco Javier"]
[Result "1/2-1/2"]
[WhiteElo "2043"]
[BlackElo "1894"]
[PlyCount "42"]
[EventDate "2009.03.23"]
[EventType "swiss"]
[EventRounds "8"]
[EventCountry "ESP"]
[Source "lmi"]
[SourceDate "2009.03.23"]

1. e4 d6 2. d4 Nf6 3. Nc3 Nbd7 4. Nf3 e5 5. dxe5 dxe5 6. Bc4 Bb4 7. O-O O-O 8.
Bg5 Bxc3 9. bxc3 Qe7 10. Qe2 Nc5 11. Nd2 h6 12. Bh4 Ne6 13. Bxe6 Qxe6 14. Rfe1
Nd7 15. Qc4 Qxc4 16. Nxc4 f6 17. Ne3 Nb6 18. Nd5 Nxd5 19. exd5 Bf5 20. Re2 Rfe8
21. c4 g5 1/2-1/2

[Event "10. Open Club Ajedrez Villaverde"]
[Site "Madrid ESP"]
[Date "2009.03.30"]
[Round "5.8"]
[White "Alonso Aranzabal, Iñigo"]
[Black "Sierra Soria, Maria"]
[Result "1-0"]
[WhiteElo "2082"]
[BlackElo "1758"]
[PlyCount "73"]
[EventDate "2009.03.23"]
[EventType "swiss"]
[EventRounds "8"]
[EventCountry "ESP"]
[Source "lmi"]
[SourceDate "2009.03.23"]

1. e4 e5 2. Nf3 Nf6 3. Nxe5 d6 4. Nf3 Nxe4 5. Nc3 Nxc3 6. dxc3 Be7 7. Bf4 O-O
8. Qd2 Re8 9. O-O-O Nd7 10. h4 Nc5 11. Bc4 Bf6 12. Ng5 Be6 13. Nxe6 Nxe6 14.
Bxe6 Rxe6 15. g4 Qd7 16. g5 Be5 17. Be3 Rae8 18. h5 Qa4 19. Kb1 g6 20. Qd3 Bf4
21. Rh4 Re4 22. b3 Qc6 23. Rxf4 Rxf4 24. Bxf4 Qg2 25. hxg6 fxg6 26. Be3 a6 27.
Qc4+ d5 28. Qxc7 Qf3 29. Kc1 Qf7 30. Qxf7+ Kxf7 31. Rxd5 Ke6 32. c4 Rc8 33. Kd2
b5 34. Rc5 Rxc5 35. Bxc5 bxc4 36. bxc4 Kd7 37. Kd3 1-0

[Event "10. Open Club Ajedrez Villaverde"]
[Site "Madrid ESP"]
[Date "2009.03.30"]
[Round "5.9"]
[White "Sierra Bermejo, Gregorio"]
[Black "Lozano Sanchez, Jose Antonio"]
[Result "0-1"]
[WhiteElo "1775"]
[BlackElo "1958"]
[PlyCount "63"]
[EventDate "2009.03.23"]
[EventType "swiss"]
[EventRounds "8"]
[EventCountry "ESP"]
[Source "lmi"]
[SourceDate "2009.03.23"]

1. c4 e5 2. Nc3 Nc6 3. Nf3 f5 4. d4 e4 5. Ng5 Nf6 6. h4 d5 7. e3 Be7 8. Nh3 Be6
9. Nf4 Bf7 10. c5 a6 11. Be2 Qd7 12. a3 Nd8 13. Qb3 c6 14. Na4 Qc7 15. Nb6 Rb8
16. Bd2 Ne6 17. Nxe6 Bxe6 18. Ba5 Bd8 19. Nc4 Qe7 20. Nd6+ Kd7 21. Bxd8 Rhxd8
22. Nxb7 Ke8 23. Bxa6 Bc8 24. Nd6+ Qxd6 25. Qa4 Qc7 26. Bxc8 Rdxc8 27. b4 f4
28. Qd1 fxe3 29. Rh3 exf2+ 30. Kf1 Qf4 31. Qe2 Ng4 32. g3 0-1

[Event "10. Open Club Ajedrez Villaverde"]
[Site "Madrid ESP"]
[Date "2009.03.30"]
[Round "5.10"]
[White "Lopez Heras, Arturo"]
[Black "Gutierrez Garcia, Alberto"]
[Result "1-0"]
[WhiteElo "1943"]
[BlackElo "1738"]
[PlyCount "88"]
[EventDate "2009.03.23"]
[EventType "swiss"]
[EventRounds "8"]
[EventCountry "ESP"]
[Source "lmi"]
[SourceDate "2009.03.23"]

1. e4 e5 2. Nf3 Nc6 3. Bc4 Bc5 4. b4 Bxb4 5. c3 Be7 6. d4 d6 7. Qb3 Nf6 8.
Bxf7+ Kf8 9. Bd5 Na5 10. Qc2 c6 11. Bb3 Nxb3 12. axb3 exd4 13. cxd4 d5 14. exd5
Qxd5 15. O-O Bf5 16. Qd1 Bg4 17. Nbd2 Bb4 18. Ba3 Bxa3 19. Rxa3 a6 20. Re1 Re8
21. Rxe8+ Kxe8 22. h3 Bxf3 23. Nxf3 Kd8 24. b4 Re8 25. Ra5 Qd6 26. Ne5 Qxb4 27.
Rxa6 Kc7 28. Ra4 Qd6 29. Qb1 Nd7 30. Qe1 Qd5 31. f4 Nxe5 32. fxe5 Rd8 33. Qg3
g6 34. Qc3 Qd7 35. Qa5+ Kb8 36. Qa7+ Kc7 37. Rb4 Rb8 38. Qb6+ Kc8 39. Rb1 Qc7
40. Qb4 b5 41. Rf1 Kb7 42. e6 Qg3 43. Rf7+ Kb6 44. Qc5+ Ka6 1-0

[Event "10. Open Club Ajedrez Villaverde"]
[Site "Madrid ESP"]
[Date "2009.03.30"]
[Round "5.16"]
[White "Keller, August"]
[Black "Garcia Lopez, Fernando"]
[Result "1/2-1/2"]
[WhiteElo "1789"]
[BlackElo "1695"]
[PlyCount "70"]
[EventDate "2009.03.23"]
[EventType "swiss"]
[EventRounds "8"]
[EventCountry "ESP"]
[Source "lmi"]
[SourceDate "2009.03.23"]

1. e4 e5 2. Nf3 Nc6 3. Bb5 a6 4. Bxc6 dxc6 5. Nc3 Bd6 6. d4 Bg4 7. dxe5 Bxf3 8.
Qxf3 Bxe5 9. Bf4 Qf6 10. Bxe5 Qxe5 11. Qe3 Nf6 12. f3 Nd5 13. Qc5 Qe7 14. Qxe7+
Nxe7 15. O-O-O Ng6 16. Rd2 Rd8 17. Rhd1 Rxd2 18. Kxd2 Nf4 19. g3 Ne6 20. Ke3
Ke7 21. e5 Rd8 22. Rxd8 Kxd8 23. Ne4 b6 24. f4 h6 25. h4 c5 26. c3 Kd7 27. f5
Nd8 28. h5 Nc6 29. Kf4 Ne7 30. c4 Nc6 31. Nc3 Nb4 32. b3 Nd3+ 33. Ke4 Nf2+ 34.
Kf4 Nd3+ 35. Ke4 Nf2+ 1/2-1/2

[Event "10. Open Club Ajedrez Villaverde"]
[Site "Madrid ESP"]
[Date "2009.03.30"]
[Round "5.17"]
[White "Corral Aragon, Juan Maria"]
[Black "Ananian, Arman"]
[Result "1-0"]
[WhiteElo "1821"]
[BlackElo "1702"]
[PlyCount "85"]
[EventDate "2009.03.23"]
[EventType "swiss"]
[EventRounds "8"]
[EventCountry "ESP"]
[Source "lmi"]
[SourceDate "2009.03.23"]

1. e4 e5 2. Nf3 d6 3. d4 exd4 4. Nxd4 Nc6 5. Bb5 Bd7 6. O-O Nxd4 7. Bxd7+ Qxd7
8. Qxd4 Nf6 9. Bg5 Be7 10. Rd1 Qg4 11. Bxf6 Bxf6 12. Qa4+ c6 13. Nc3 Qe6 14.
Nd5 Bd8 15. Nf4 Qf6 16. g3 O-O 17. c3 Bb6 18. Rd2 Rad8 19. Kg2 Rfe8 20. Rad1
Qe5 21. f3 Be3 22. Nd3 Qg5 23. Re2 Bb6 24. h4 Qh6 25. Nf4 Re5 26. c4 f5 27.
exf5 Rxf5 28. Re6 g6 29. Rexd6 Rxd6 30. Rxd6 Rxf4 31. gxf4 Qxh4 32. c5 Bc7 33.
Qc4+ Kf8 34. Rd7 Qxf4 35. Qxf4+ Bxf4 36. Rxb7 Be3 37. b4 a5 38. bxa5 Bxc5 39.
a6 Be3 40. a7 Bxa7 41. Rxa7 c5 42. a3 c4 43. Rc7 1-0

[Event "10. Open Club Ajedrez Villaverde"]
[Site "Madrid ESP"]
[Date "2009.03.30"]
[Round "5.18"]
[White "Zuazua Conde, Ivan Javier"]
[Black "Martinez Miura, Enrique"]
[Result "1/2-1/2"]
[WhiteElo "1421"]
[BlackElo "1735"]
[PlyCount "37"]
[EventDate "2009.03.23"]
[EventType "swiss"]
[EventRounds "8"]
[EventCountry "ESP"]
[Source "lmi"]
[SourceDate "2009.03.23"]

1. d4 e6 2. c4 d5 3. Nc3 Be7 4. Nf3 c6 5. a3 Nf6 6. Bg5 Nbd7 7. e3 O-O 8. Bd3
h6 9. Bh4 dxc4 10. Bxc4 b5 11. Bd3 Bb7 12. O-O a6 13. Rc1 c5 14. dxc5 Nxc5 15.
Be2 Rc8 16. Nd4 Qb6 17. Bf3 Rfd8 18. Bxb7 Qxb7 19. Qe2 1/2-1/2

[Event "10. Open Club Ajedrez Villaverde"]
[Site "Madrid ESP"]
[Date "2009.03.31"]
[Round "6.1"]
[White "Vazquez Gonzalez, Jesus"]
[Black "Hinojar Diez, David"]
[Result "1/2-1/2"]
[WhiteElo "2044"]
[BlackElo "2119"]
[PlyCount "98"]
[EventDate "2009.03.23"]
[EventType "swiss"]
[EventRounds "8"]
[EventCountry "ESP"]
[Source "lmi"]
[SourceDate "2009.03.23"]

1. e4 c5 2. Nf3 d6 3. d4 cxd4 4. Nxd4 e6 5. Nc3 Nf6 6. Be2 Be7 7. O-O O-O 8.
Kh1 a6 9. f4 Qc7 10. Qe1 b5 11. a3 Bb7 12. Bf3 Nc6 13. Nxc6 Bxc6 14. g4 d5 15.
e5 Ne4 16. Be3 b4 17. axb4 Bxb4 18. Bd4 Bb7 19. Qe3 Nxc3 20. bxc3 Be7 21. g5
Rfc8 22. Rab1 Bc6 23. Bb6 Qd7 24. Bd4 Bb5 25. h4 Qc6 26. Be2 Bxe2 27. Qxe2 Bc5
28. Bxc5 Qxc5 29. Rb3 d4 30. cxd4 Qxd4 31. Rbf3 a5 32. h5 a4 33. Rd3 Qb2 34.
Qd2 Qb7+ 35. Kh2 a3 36. Rd1 Qb6 37. g6 a2 38. gxf7+ Kf8 39. Ra1 Qb2 40. Rb3
Qxc2 41. Rb2 Qf5 42. Raxa2 Qxh5+ 43. Kg3 Qxf7 44. Qd6+ Qe7 45. Qxe7+ Kxe7 46.
Rb7+ Kf8 47. Rd2 Rd8 48. Rc2 Rac8 49. Ra2 Ra8 1/2-1/2

[Event "10. Open Club Ajedrez Villaverde"]
[Site "Madrid ESP"]
[Date "2009.03.31"]
[Round "6.2"]
[White "Abul, Qasem"]
[Black "Castano Vanegas, Henry Augusto"]
[Result "0-1"]
[WhiteElo "2026"]
[BlackElo "1974"]
[PlyCount "122"]
[EventDate "2009.03.23"]
[EventType "swiss"]
[EventRounds "8"]
[EventCountry "ESP"]
[Source "lmi"]
[SourceDate "2009.03.23"]

1. e4 e5 2. Nf3 Nc6 3. Bb5 a6 4. Ba4 Nf6 5. O-O Be7 6. Qe2 b5 7. Bb3 O-O 8. c3
d6 9. h3 Na5 10. Bc2 c5 11. d4 cxd4 12. cxd4 Qc7 13. Nc3 Bb7 14. Bd3 h6 15. Bd2
exd4 16. Nxd4 Nc4 17. Ndxb5 axb5 18. Nxb5 Qc6 19. Bxc4 Nxe4 20. Nd4 Qb6 21. Be3
Bf6 22. Nf5 Qc6 23. f3 Ng5 24. Rfd1 Ra5 25. Rxd6 Qc7 26. Bb6 Bd4+ 27. Rxd4 Qxb6
28. Ne7+ Kh8 29. Qf2 Bxf3 30. Re1 Nxh3+ 31. gxh3 Rg5+ 32. Rg4 Qxf2+ 33. Kxf2
Bxg4 34. hxg4 Rxg4 35. b3 f5 36. Kf3 h5 37. Re6 Kh7 38. Nd5 f4 39. Bd3+ Kh8 40.
Bg6 Rg3+ 41. Kf2 h4 42. Be4 h3 43. Re5 g6 44. Bf3 g5 45. Re7 h2 46. Bg2 Rh3 47.
Re1 Rh4 48. Ne7 Kg7 49. Bh1 g4 50. Nd5 g3+ 51. Kf3 Kg6 52. Re6+ Kg5 53. Re1 Rf5
54. Nc3 Rh6 55. b4 Rc6 56. Rc1 Re5 57. Ne4+ Rxe4 58. Rxc6 Re3+ 59. Kg2 Re2+ 60.
Kh3 Re1 61. Rc5+ Kg6 0-1

[Event "10. Open Club Ajedrez Villaverde"]
[Site "Madrid ESP"]
[Date "2009.03.31"]
[Round "6.3"]
[White "Camarero Izquierdo, Juan Carlos"]
[Black "Adedeji, Adekola"]
[Result "1-0"]
[WhiteElo "1906"]
[BlackElo "2001"]
[PlyCount "65"]
[EventDate "2009.03.23"]
[EventType "swiss"]
[EventRounds "8"]
[EventCountry "ESP"]
[Source "lmi"]
[SourceDate "2009.03.23"]

1. e4 e5 2. Nf3 Nc6 3. Bb5 a6 4. Ba4 Nf6 5. d3 b5 6. Bb3 Be7 7. Bd5 Nxd5 8.
exd5 Nb4 9. Nc3 c6 10. Nxe5 Bf6 11. f4 cxd5 12. a3 Nc6 13. Nxd5 Bxe5 14. fxe5
Nxe5 15. Be3 O-O 16. Qh5 d6 17. h3 Bb7 18. Bb6 Qd7 19. Ne3 Bxg2 20. Nxg2 Qc6
21. O-O-O Qxb6 22. d4 Nc4 23. Nh4 b4 24. a4 b3 25. Rhg1 Qd8 26. Qh6 g6 27. Nxg6
fxg6 28. Rxg6+ hxg6 29. Qxg6+ Kh8 30. Qh6+ Kg8 31. Rg1+ Kf7 32. Rg7+ Ke8 33.
Qe6+ 1-0

[Event "10. Open Club Ajedrez Villaverde"]
[Site "Madrid ESP"]
[Date "2009.03.31"]
[Round "6.4"]
[White "Vega Gomez, Francisco Borja"]
[Black "Fuentes Arjona, Antonio"]
[Result "1-0"]
[WhiteElo "2231"]
[BlackElo "2043"]
[PlyCount "77"]
[EventDate "2009.03.23"]
[EventType "swiss"]
[EventRounds "8"]
[EventCountry "ESP"]
[Source "lmi"]
[SourceDate "2009.03.23"]

1. Nf3 c5 2. c4 Nf6 3. Nc3 Nc6 4. d4 cxd4 5. Nxd4 g6 6. e4 d6 7. Be2 Bg7 8. Be3
O-O 9. O-O a6 10. Rc1 Bd7 11. f3 Nxd4 12. Bxd4 Bc6 13. b4 b6 14. Qd2 Nd7 15.
Be3 Re8 16. Rc2 a5 17. a3 axb4 18. axb4 Bb7 19. Rfc1 Ra3 20. Nb5 Ra4 21. Ra2
Qa8 22. Rxa4 Qxa4 23. Bd1 Qa8 24. Nc7 Qc8 25. Nxe8 Qxe8 26. Ba4 Qd8 27. Bxd7
Qxd7 28. Bxb6 f5 29. exf5 Qxf5 30. Bd4 e5 31. Be3 e4 32. f4 Bf8 33. Ra1 h6 34.
Ra7 Bc8 35. Qd5+ Be6 36. Qxf5 gxf5 37. Rc7 d5 38. cxd5 Bxd5 39. b5 1-0

[Event "10. Open Club Ajedrez Villaverde"]
[Site "Madrid ESP"]
[Date "2009.03.31"]
[Round "6.6"]
[White "Lozano Sanchez, Jose Antonio"]
[Black "Alonso Aranzabal, Iñigo"]
[Result "1/2-1/2"]
[WhiteElo "1958"]
[BlackElo "2082"]
[PlyCount "54"]
[EventDate "2009.03.23"]
[EventType "swiss"]
[EventRounds "8"]
[EventCountry "ESP"]
[Source "lmi"]
[SourceDate "2009.03.23"]

1. e4 e5 2. Nf3 Nc6 3. Bc4 Nf6 4. d3 Bc5 5. Nc3 d6 6. Bg5 Na5 7. Bb3 Nxb3 8.
axb3 a6 9. Nd5 c6 10. Nxf6+ gxf6 11. Be3 Bb6 12. Nh4 Be6 13. Qd2 Rg8 14. Rg1
Bg4 15. f3 Be6 16. g4 h5 17. h3 f5 18. Nxf5 Bxf5 19. exf5 Bxe3 20. Qxe3 Qh4+
21. Kd2 Qxh3 22. Qb6 Qxf3 23. Qxb7 Qf2+ 24. Kc3 Qc5+ 25. Kd2 Qf2+ 26. Kc3 Qc5+
27. Kd2 Qf2+ 1/2-1/2

[Event "10. Open Club Ajedrez Villaverde"]
[Site "Madrid ESP"]
[Date "2009.03.31"]
[Round "6.7"]
[White "Adeyemi, Adedeji"]
[Black "Vukotic Jovsic, Dragan"]
[Result "0-1"]
[WhiteElo "1909"]
[BlackElo "1995"]
[PlyCount "64"]
[EventDate "2009.03.23"]
[EventType "swiss"]
[EventRounds "8"]
[EventCountry "ESP"]
[Source "lmi"]
[SourceDate "2009.03.23"]

1. e4 c5 2. Nc3 Nc6 3. d3 g6 4. g3 Bg7 5. Bg2 e6 6. Nge2 Nge7 7. Be3 Nd4 8. Qd2
O-O 9. Nd1 Nec6 10. c3 Nxe2 11. Qxe2 d6 12. h4 Rb8 13. h5 b5 14. f4 b4 15. hxg6
fxg6 16. e5 Bb7 17. exd6 bxc3 18. bxc3 Qxd6 19. Rc1 e5 20. Be4 Ne7 21. Qh2 Bxe4
22. dxe4 Qd3 23. Bxc5 Qxe4+ 24. Kf2 exf4 25. g4 Nd5 26. Qxh7+ Kf7 27. Bd4 Nf6
28. Bxf6 Kxf6 29. g5+ Kf7 30. Re1 Qd5 31. Rc2 Qc5+ 32. Kg2 Rh8 0-1